LEADER 02060 am 22003613u 450 001 9910765881103321 005 20200113 024 7 $a10.3726/b13585 035 $a(CKB)4100000007522994 035 $a(OAPEN)1002944 035 $a(EXLCZ)994100000007522994 100 $a20200113d|||| uy 101 0 $ager 135 $auuuuu---auuuu 200 14$aDer Zusammenhang von Arbeitsgestaltung und Erwerbsleben unter besonderer Beruecksichtigung der Erwerbstaetigkeit von Frauen und Aelteren 210 $aBern$cPeter Lang International Academic Publishers$d2018 215 $a1 online resource (295) 311 $a3-631-30701-2 330 $aDieses Buch behandelt die Frage, wie mit Blick auf die Veränderungen des Arbeitsmarktes die Erwerbstätigkeit von Frauen und Älteren erleichtert werden kann. Die demographische Entwicklung führt dazu, daß das durchschnittliche Alter der Arbeitskräfte steigt und sich das Arbeitskräftepotential zukünftig verkleinern wird. Andererseits verschieben sich die Arbeitsanforderungen durch die Nutzung moderner Produktions- und Organisationsmethoden. In einer mikroökonomisch und arbeitswissenschaftlich ausgerichteten Analyse werden Maßnahmen der Arbeitsgestaltung und der Personalentwicklung entworfen und beurteilt, die zur Erhöhung der Frauenerwerbstätigkeit und zur Verlängerung der Lebensarbeitszeit beitragen können. 517 $aSozialoekonomische Schriften vol. 13 606 $aSociology$2bicssc 606 $aLabour economics$2bicssc 606 $aPersonnel & human resources management$2bicssc 606 $aOrganizational theory & behaviour$2bicssc 615 7$aSociology 615 7$aLabour economics 615 7$aPersonnel & human resources management 615 7$aOrganizational theory & behaviour 700 $aLorenz$b Stefan$4aut$0182517 906 $aBOOK 912 $a9910765881103321 996 $aDer Zusammenhang von Arbeitsgestaltung und Erwerbsleben unter besonderer Beruecksichtigung der Erwerbstaetigkeit von Frauen und Aelteren$93020688 997 $aUNINA